Central Library OPAC University of Rajshahi

নাটমঞ্চ নাট্যরূপ / (Record no. 39451)

MARC details
000 -LEADER
fixed length control field 00875nam a2200253 a 4500
001 - CONTROL NUMBER
control field 39451
003 - CONTROL NUMBER IDENTIFIER
rucl marc code BD-RjUL
005 - DATE AND TIME OF LATEST TRANSACTION
control field 20211209053008.0
008 - FIXED-LENGTH DATA ELEMENTS--GENERAL INFORMATION
fixed length control field 160411b2008 ii ||||e |||| 00| 0 ben d
020 ## - INTERNATIONAL STANDARD BOOK NUMBER
International Standard Book Number 978812957891
Terms of availability : tk. 880.00
035 ## - SYSTEM CONTROL NUMBER
System control number (BD-RjUL)39564
040 ## - CATALOGING SOURCE
Original cataloging agency BD-RjUL
Language of cataloging ben
Transcribing agency BD-RjUL
041 ## - LANGUAGE CODE
Language code of text/sound track or separate title ben
082 ## - DEWEY DECIMAL CLASSIFICATION NUMBER
Edition number 23
Classification number 891.442
Author mark and year SAN 2008
100 ## - MAIN ENTRY--PERSONAL NAME
Personal name সরকার, পবিত্র
9 (RLIN) 121594
245 10 - TITLE STATEMENT
Title নাটমঞ্চ নাট্যরূপ /
Statement of responsibility, etc. পবিত্র সরকার
250 ## - EDITION STATEMENT
Edition statement অখন্ড সং.
260 ## - PUBLICATION, DISTRIBUTION, ETC. (IMPRINT)
Place of publication, distribution, etc. কলকাতা :
Name of publisher, distributor, etc. দে'জ পাবলিশিং,
Date of publication, distribution, etc. ২০০৮.
300 ## - PHYSICAL DESCRIPTION
Pagination ৬১৬ পৃ. ;
Size ২৪ সেমি.
500 ## - GENERAL NOTE
General note নির্ঘণ্ট সংযুক্ত
650 ## - SUBJECT ADDED ENTRY--TOPICAL TERM
Topical term or geographic name as entry element বাংলা নাটক
9 (RLIN) 117889
Topical term or geographic name as entry element Bengali Drama
9 (RLIN) 117890
942 ## - ADDED ENTRY ELEMENTS (KOHA)
Source of classification or shelving scheme Dewey Decimal Classification
Koha item type Books
Holdings
Lost status Source of classification or shelving scheme Damaged status Not for loan Collection code Permanent Location Current Location Shelving location Date acquired Source of acquisition Cost, normal purchase price Total Checkouts Full call number Date last seen Copy number Koha item type Date checked out
  Dewey Decimal Classification   Not For Loan Non-fiction Central Library, University of Rajshahi Central Library, University of Rajshahi Reading Room 05/07/2015 Batighar, Chittagong 880.00   B 891.442 SAN 2008 11/04/2016 C-1 Books  
  Dewey Decimal Classification     Non-fiction Central Library, University of Rajshahi Central Library, University of Rajshahi   05/07/2015 Batighar, Chittagong 880.00 1 B 891.442 SAN 2008 24/02/2021 C-2 Books 16/03/2020
  Dewey Decimal Classification     Non-fiction Central Library, University of Rajshahi Central Library, University of Rajshahi   05/07/2015 Batighar, Chittagong 880.00 1 B 891.442 SAN 2008 06/08/2016 C-3 Books 19/07/2016
  Dewey Decimal Classification     Non-fiction Central Library, University of Rajshahi Central Library, University of Rajshahi   25/05/2011 ঢাকা, প্যারাগন ইন্টারপ্রাইজ লিঃ 400.00   B 891.442 SAN 2008 11/08/2016 C-4 Books  
  Dewey Decimal Classification     Non-fiction Central Library, University of Rajshahi Central Library, University of Rajshahi   25/05/2011 Paragon Enterprises Dhaka 400.00   B 891.442 SAN 2008 30/01/2017 C-5 Books